00000000nam##2200000za#4500
0019.584077
003CaOODSP
00520210624192927
007cr |||||||||||
008150406|2010||||xxc|||||o    f|0| 0 eng|d
020 |a978-1-100-50532-9
022 |a1915-8858
040 |aCaOODSP|beng
041 |aeng
041 |afre
043 |an-cn---
0861 |aM116-2/085I01-PDF
1101 |aCanada.|bNatural Resources Canada. |bCentre for Topographic Information.
24510|aBlanchet Island, Northwest Territories |h[electronic resource]
250 |aEd. 02, version 00
255 |aScale 1:50,000
260 |aOttawa - Ontario : |bNatural Resources Canada. |c2010.
300 |a1p.|bcoloured map
4901 |aCanadian topographic maps |x1915-8858|v85-I/1
500 |aSeries A733. Includes a legend.
590 |a11-03-Supp|b2011-02-16
7760#|tBlanchet Island, Territoires du Nord-Ouest |w(CaOODSP)9.549429
792 |tBlanchet Island, Territoires du Nord-Ouest |efre|w(CaOODSP)9.584078
830#0|aCanadian topographic maps,|x1915-8858|v85-I/1|w(CaOODSP)9.500293
85640|ahttp://publications.gc.ca|qPDF|s2984 KB|uhttps://publications.gc.ca/collections/collection_2010/nrcan/topo/M116-2-085I01.pdf|y85-I/1